000 00773nam a2200253 a 4500
001 56602
003 BD-RjUL
005 20211209080420.0
008 161201s1980 nju b 001 0 eng
020 _a0691072256 :
_c$18.50
035 _a(BD-RjUL)56726
040 _aDLC
_cDLC
_dBD-RjUL
_beng
041 _aeng
082 0 0 _a193
_223
_bYOK 1980
100 1 _aYovel, Yirmiahu.
_9168348
245 1 0 _aKant and the philosophy of history /
_cYirmiahu Yovel.
260 _aPrinceton, N.J. :
_bPrinceton University Press,
_cc1980.
300 _axv, 325 p. ;
_c23 cm.
500 _aIncludes index.
504 _aBibliography: p. 307-309.
600 1 0 _aKant, Immanuel,
_d1724-1804.
_9168351
650 0 _aHistory
_xPhilosophy
_xHistory
_y18th century.
_9168350
942 _2ddc
_cBK
999 _c56602
_d56602